• 首页
  • 本馆介绍
  • 公告通知
  • 最新文献
  • 馆藏检索
  • 电子资源
  • 读者导购
  • 参考咨询
  • 我的图书馆
  • 登录
  • 详细信息显示
  • 放入我的书架
  • 预约/预借图书
  • 作者相关作品
  • 分类相关作品
  • 丛书相关作品
  • 出版社相关作品

书目信息

  • 表格格式
  • 工作单格式
  • 卡片格式
题名:
有机磷农药中毒的防治
    
 
作者: ;徐州医学院 编著
分册:  
出版信息: 北京   人民卫生出版社  1972
页数: 121页
开本: 20cm
丛书名:
单 册:
中图分类: R139
科图分类:
主题词: 劳动卫生
电子资源:
ISBN:
000 00568nam0 2200193 450
001 0657003513
005 20060705155318.23
010    @dCNY0.24
100    @a20060705d1972 km y0chiy0120 ea
101 0  @achi
102    @aCN@b110000
200 1  @a有机磷农药中毒的防治@Ayou ji lin nong yao zhong du de fang zhi@f徐州医学院编著@Fxu zhou yi xue yuan bian zhu
210    @a北京@c人民卫生出版社@d1972
215 1  @a121页@d20cm
606 0  @a劳动卫生
690    @aR139@v4
711  0 @a徐州医学院@Axu zhou yi xue yuan@4编著
801  0 @aCN@bPFT@c20060705
905    @a10447@dR139@e31
    
    有机磷农药中毒的防治/徐州医学院编著.-北京:人民卫生出版社,1972
    121页;20cm
    
    
    ISBN :CNY0.24
    
●
相关链接 在E读中查询图书 在五车中查询图书 在当当中查询图书 在豆瓣中查询图书


正题名:有机磷农药中毒的防治     索取号:R139/31         预约/预借

序号 登录号 条形码 馆藏地/架位号 状态 备注
1 0013444   202293749   密集书库/ [索取号:R139/31] 在馆    
唐山师范学院图书馆 欢迎您!
大连网信软件有限公司© 版权所有